MARC details
| 000 -LEADER |
| fixed length control field |
02026cam a2200445 a 4500 |
| 001 - CONTROL NUMBER |
| control field |
15067732 |
| 003 - CONTROL NUMBER IDENTIFIER |
| control field |
EG-ScBUE |
| 005 - DATE AND TIME OF LATEST TRANSACTION |
| control field |
20220220111742.0 |
| 008 - FIXED-LENGTH DATA ELEMENTS--GENERAL INFORMATION |
| fixed length control field |
071102s2008 nyu f 000 1 eng d |
| 020 ## - INTERNATIONAL STANDARD BOOK NUMBER |
| International Standard Book Number |
1416562605 |
| 020 ## - INTERNATIONAL STANDARD BOOK NUMBER |
| International Standard Book Number |
9781416562603 |
| 020 ## - INTERNATIONAL STANDARD BOOK NUMBER |
| International Standard Book Number |
1439137692 |
| 020 ## - INTERNATIONAL STANDARD BOOK NUMBER |
| International Standard Book Number |
9781439137697 |
| 035 ## - SYSTEM CONTROL NUMBER |
| System control number |
(OCoLC)ocn166373034 |
| 035 ## - SYSTEM CONTROL NUMBER |
| System control number |
(OCoLC)166373034 |
| 040 ## - CATALOGING SOURCE |
| Original cataloging agency |
DLC |
| Language of cataloging |
eng |
| Description conventions |
rda |
| Transcribing agency |
DLC |
| Modifying agency |
IG# |
| -- |
BTCTA |
| -- |
BAKER |
| -- |
YDXCP |
| -- |
UPZ |
| -- |
WIQ |
| -- |
VP@ |
| -- |
DLC |
| -- |
EG-ScBUE |
| 043 ## - GEOGRAPHIC AREA CODE |
| Geographic area code |
a-ii--- |
| 082 04 - DEWEY DECIMAL CLASSIFICATION NUMBER |
| Classification number |
823.92 |
| Edition number |
22 |
| Item number |
ADI |
| 100 1# - MAIN ENTRY--PERSONAL NAME |
| Personal name |
Adiga, Aravind, |
| Relator term |
author. |
| 9 (RLIN) |
23693 |
| 245 14 - TITLE STATEMENT |
| Title |
The white tiger : |
| Remainder of title |
a novel / |
| Statement of responsibility, etc |
Aravind Adiga. |
| 264 #1 - PUBLICATION, DISTRIBUTION, ETC. (IMPRINT) |
| Place of publication, distribution, etc |
New York : |
| Name of publisher, distributor, etc |
Free Press, |
| Date of publication, distribution, etc |
2008. |
| 300 ## - PHYSICAL DESCRIPTION |
| Extent |
288 pages ; |
| Dimensions |
23 cm |
| 336 ## - CONTENT TYPE |
| Source |
rdacontent |
| Content type term |
text |
| Content type code |
txt |
| 337 ## - MEDIA TYPE |
| Source |
rdamedia |
| Media type term |
unmediated |
| Media type code |
n |
| 338 ## - CARRIER TYPE |
| Source |
rdacarrier |
| Carrier type term |
volume |
| Carrier type code |
nc |
| 520 ## - SUMMARY, ETC. |
| Summary, etc |
Balram Halwai is a complicated man. Servant. Philosopher. Entrepreneur. Murderer. Over the course of seven nights, by the scattered light of a preposterous chandelier, Balram tells the terrible and transfixing story of how he came to be a success in life -- having nothing but his own wits to help him along. |
| 586 ## - AWARDS NOTE |
| Awards note |
Winner of The Man Booker Prize 2008 |
| 650 #7 - SUBJECT ADDED ENTRY--TOPICAL TERM |
| Topical term or geographic name as entry element |
Chauffeurs |
| Geographic subdivision |
India |
| -- |
Bangalore |
| Form subdivision |
Fiction. |
| 9 (RLIN) |
23694 |
| Source of heading or term |
BUEsh |
| 650 #7 - SUBJECT ADDED ENTRY--TOPICAL TERM |
| Topical term or geographic name as entry element |
Poor |
| Geographic subdivision |
India |
| -- |
Bangalore |
| Form subdivision |
Fiction. |
| 9 (RLIN) |
23695 |
| Source of heading or term |
BUEsh |
| 650 #7 - SUBJECT ADDED ENTRY--TOPICAL TERM |
| Topical term or geographic name as entry element |
Ambition |
| Form subdivision |
Fiction. |
| 9 (RLIN) |
23696 |
| Source of heading or term |
BUEsh |
| 650 #7 - SUBJECT ADDED ENTRY--TOPICAL TERM |
| Topical term or geographic name as entry element |
Business people |
| Geographic subdivision |
India |
| -- |
Bangalore |
| Form subdivision |
Fiction. |
| 9 (RLIN) |
23697 |
| Source of heading or term |
BUEsh |
| 651 #7 - SUBJECT ADDED ENTRY--GEOGRAPHIC NAME |
| Geographic name |
Bangalore (India) |
| Form subdivision |
Fiction. |
| 9 (RLIN) |
23698 |
| Source of heading or term |
BUEsh |
| 653 ## - INDEX TERM--UNCONTROLLED |
| Arrived date list |
May2011 |
| Resource For college |
Humanities: English |
| 655 #7 - INDEX TERM--GENRE/FORM |
| Genre/form data or focus term |
Mystery fiction. |
| Source of term |
gsafd |
| Form subdivision |
Reading book |
| 856 42 - ELECTRONIC LOCATION AND ACCESS |
| Materials specified |
Publisher description |
| Uniform Resource Identifier |
<a href="http://www.loc.gov/catdir/enhancements/fy0810/2007045527-d.html">http://www.loc.gov/catdir/enhancements/fy0810/2007045527-d.html</a> |
| 856 41 - ELECTRONIC LOCATION AND ACCESS |
| Materials specified |
Sample text |
| Uniform Resource Identifier |
<a href="http://www.loc.gov/catdir/enhancements/fy0810/2007045527-s.html">http://www.loc.gov/catdir/enhancements/fy0810/2007045527-s.html</a> |
| 856 42 - ELECTRONIC LOCATION AND ACCESS |
| Materials specified |
Contributor biographical information |
| Uniform Resource Identifier |
<a href="http://www.loc.gov/catdir/enhancements/fy0901/2007045527-b.html">http://www.loc.gov/catdir/enhancements/fy0901/2007045527-b.html</a> |
| 942 ## - ADDED ENTRY ELEMENTS (KOHA) |
| Source of classification or shelving scheme |
Dewey Decimal Classification |
| Koha item type |
Book - Borrowing |